Music Quiz

Random Music Quiz

Twenty One Pilots Lane Boy Lyrics Quiz Stats

Quiz not verified by Sporcle

Challenge
Share
Tweet
Embed
Score 0/300 Timer 10:00
3 Plays Today
Hint Answer % Correct
lane
99.4%
lane
99.4%
lane
99.4%
boy
99.3%
boy
99.3%
lane
99.3%
boy
99.3%
boy
99.3%
the
99%
the
99%
the
99%
the
99%
the
99%
to
98.6%
to
98.6%
to
98.6%
to
98.6%
to
98.6%
we
98.5%
we
98.5%
we
98.5%
we
98.5%
we
98.5%
go
98.3%
go
98.3%
in
98.3%
in
98.3%
in
98.3%
In
98.3%
in
98.3%
in
98.3%
you
98.3%
In
98.3%
you
98.3%
you
98.3%
you
98.3%
in
98.3%
They
98.2%
want
98.2%
They
98.2%
they
98.2%
They
98.2%
want
98.2%
They
98.2%
want
98.2%
They
98.2%
they
98.2%
they
98.2%
where
97.9%
where
97.9%
this
97.8%
this
97.8%
this
97.8%
this
97.8%
this
97.8%
this
97.8%
this
97.8%
this
97.8%
your
97.7%
your
97.7%
say
97.5%
say
97.5%
stay
97.3%
is
97.3%
is
97.3%
is
97.3%
is
97.3%
stay
97.3%
is
97.3%
is
97.3%
But
97%
But
97%
But
97%
But
97%
But
97%
But
97%
But
97%
highway
96.3%
highway
96.3%
highway
96.3%
highway
96.3%
highway
96.3%
thing
95.8%
thing
95.8%
thing
95.8%
thing
95.8%
think
95.7%
think
95.7%
think
95.7%
think
95.7%
think
95.7%
be
91.4%
it
91.4%
and
91.4%
it
91.4%
and
91.4%
and
91.4%
it
91.4%
be
91.4%
be
91.4%
Hint Answer % Correct
and
91.4%
and
91.4%
and
91.4%
so
90.9%
so
90.9%
don't
90.4%
Don't
90.4%
don't
90.4%
Don't
90.4%
If
90.1%
If
90.1%
if
90.1%
If
90.1%
If
90.1%
that
89.6%
that
89.6%
that
89.6%
that
89.6%
that
89.6%
tomorrow
89%
tomorrow
89%
tomorrow
89%
he
88.6%
was
88.5%
song
88.2%
what
88.1%
what
88.1%
what
88.1%
on
88%
on
88%
on
88%
on
88%
for
87.9%
for
87.9%
our
87.7%
our
87.7%
know
87.1%
about
87.1%
know
87.1%
I'm
87.1%
I'm
87.1%
I'm
87.1%
about
87.1%
I'm
87.1%
perfect
86.8%
perfect
86.8%
a
86.7%
will
86.7%
a
86.7%
a
86.7%
a
86.7%
would
86.7%
a
86.7%
a
86.7%
a
86.7%
a
86.7%
will
86.7%
Will
86.7%
a
86.7%
a
86.7%
a
86.7%
would
86.7%
a
86.7%
trust
86.6%
trust
86.6%
trust
86.6%
change
86.5%
change
86.5%
change
86.5%
wasn't
86.5%
wasn't
86.5%
way
86.4%
person
86.2%
hood
85.8%
songs
85.8%
songs
85.8%
songs
85.8%
flawless
85.7%
have
85.5%
have
85.5%
raised
85.2%
My
85.1%
my
85.1%
my
85.1%
my
85.1%
I
85%
I
85%
I
85%
I
85%
are
85%
I
85%
are
85%
I
85%
I
85%
I
85%
I
85%
are
85%
pain
84.6%
darkness
84.5%
time
84.4%
Hint Answer % Correct
or
84.4%
good
84.2%
two
84%
music
83.8%
how
83.4%
every
83.3%
when
83%
when
83%
all
82.7%
All
82.7%
that's
82.5%
me
82.3%
me
82.3%
alive
82.2%
alive
82.2%
alive
82.2%
heartless
82.1%
heartless
82.1%
few
81.5%
mind's
81.3%
these
81.3%
There's
81.3%
there's
81.3%
these
81.3%
other
81.2%
record
81%
hearing
80.9%
hearing
80.9%
radio
80.8%
feel
80.5%
feel
80.5%
tempo
80.1%
fought
79.9%
Cause
79.7%
common
79.7%
like
79.7%
industry
79.6%
honest
78.9%
seems
78.6%
we'd
76.5%
poppin'
75.6%
Regardless
75.2%
singles
75.2%
brother
75.2%
rap
74.8%
play
74.3%
shows
73.3%
likes
73.3%
constant
73.3%
fast
73.2%
with
73.1%
ask
72.8%
mask
71.5%
sorry
71.3%
gas
71.3%
confrontation
69.9%
back
69.7%
back
69.7%
currency
69.6%
question
69.3%
scared
68.6%
Who
67.5%
live
67.1%
Zack
67%
He's
66.9%
list
66.9%
list
66.9%
no
66.9%
asked
66.6%
last
66.5%
bit
66.4%
track
65.1%
free
64.8%
die
64.4%
only
63.5%
hazmat
62.3%
let's
62.1%
another
62.1%
one
62%
morality
61.5%
forget
61.3%
forget
61.3%
forget
61.3%
sanity
60.8%
problem
60.2%
creativity's
59.5%
of
58.6%
wants
57.8%
get
57%
between
56.9%
salary
56.8%
exists
56.4%
really
56.3%
love
55%
vanity
54.7%
heat
54.5%
You're
54%
gonna
53%
someone
52.7%
cavalry
40.7%

You're not logged in!

Compare scores with friends on all Sporcle quizzes.
Sign Up with Email
OR
Log In

You Might Also Like...

Show Comments

Extras

Top Quizzes Today


Score Distribution

Your Account Isn't Verified!

In order to create a playlist on Sporcle, you need to verify the email address you used during registration. Go to your Sporcle Settings to finish the process.

Report this User

Report this user for behavior that violates our Community Guidelines.

Details: